Personen mit "Der Große" als Beinamen - Statistiken

Allgemein
  • Dieses Quiz wurde 64 mal gespielt
  • Das Durchschnittsergebnis liegt bei 5 aus 11
Antwortstatistiken
Hint Antwort % Korrekt
König von Makedonien, eroberte Persien Alexander der Große
95%
Preußischer König im siebenjährigen Krieg Friedrich der Große
84%
Wird auch der "Vater Europas" genannt Karl der Große
82%
Die ehemalige Hauptstadt Russlands ist nach ihm benannt Peter der Große
75%
Römischer Kaiser, welcher das Christentum legalisierte Konstantin der Große
49%
Bedeutsamer Kaiser des heiligen römischen Reiches Otto der Große
46%
Angelsächsischer König, welcher die Wikinger zurückschlug Alfred der Große
16%
Stürzte Odoaker und gründete das Ostgotenreich Theoderich der Große
16%
Herrscher des Nordseereiches, regierte England und Dänemark Knut der Große
12%
Maurischer Herrscher im heutigen Indien Ashoka der Große
11%
König des Seleukidenreiches zur Zeit des Hellenismus Antiochos der Große
4%
Keine übereinstimmenden Quizze gefunden
Verteilung der Resultate
Anzahl Personen mit jedem Resultat
Perzentil nach korrekt beantworteten Fragen
Ihre Resultats-Entwicklung
Sie haben dieses Quiz noch nicht gespielt